| 000 | 00692nam a22001817a 4500 | ||
|---|---|---|---|
| 005 | 20180118151732.0 | ||
| 010 | _aENG-122111 | ||
| 020 |
_a9789352603923 _c495.00 |
||
| 035 | _aEN-105643 | ||
| 037 | _bDBAD/PUB | ||
| 082 | _a570 | ||
| 100 | _aPandey, Ashutosh Kumar | ||
| 245 |
_aAdvanced maths : _cby Ashutosh Kumar Pandey _bas per the latest pattern of ssc examinations also useful for other cometitive examinations / |
||
| 260 |
_aTamil Nadu _bMcGraw Hill Education (India) _cc2017 |
||
| 270 | _a444/1, Sri Ekambara Naicker Industrial Estate, Alapakkam, Porur, Chennai-600116, Tamil Nadu, India | ||
| 300 |
_av, 872p. _c25cm(pbk) _bill. |
||
| 942 |
_2ddc _cEN _h570 _mPAN |
||
| 999 |
_c149300 _d149300 |
||